[Event "Sucre op"]
[Site "Sucre"]
[Date "2022.10.16"]
[Round "7"]
[White "Teran Medina, Marcelo"]
[Black "Zambrana Estrada, Breyner Andre"]
[Result "0-1"]
[WhiteElo "1549"]
[BlackElo "1511"]
[PlyCount "66"]
[EventDate "2022.10.13"]
[EventType "swiss"]
[EventRounds "7"]
[EventCountry "BOL"]
[SourceTitle "CBM 210 Extra"]
[Source "ChessBase"]
[SourceDate "2022.11.30"]
[SourceVersion "1"]
[SourceVersionDate "2022.11.30"]
[SourceQuality "1"]

1. e4 c5 2. c3 d5 3. exd5 Qxd5 4. d4 e6 5. Nf3 Nf6 6. Bd3 cxd4 7. Qa4+ Nc6 8. 0-0 Bd7 9. cxd4 Ne5 10. Qd1 Nxd3 11. Qxd3 Bb5 12. Qd1 Bxf1 13. Qxf1 a6 14. Nc3 Qd8 15. Bg5 Be7 16. Rd1 0-0 17. Qd3 Nd5 18. Ne4 Rc8 19. h4 f6 20. Bd2 Qe8 21. Ng3 Bd6 22. Re1 Bxg3 23. fxg3 Qc6 24. Qe4 Rfe8 25. Qg4 f5 26. Qg5 Nf6 27. Ne5 Qd6 28. Be3 Rc2 29. h5 Qd5 30. Bf2 Rxf2 31. Kxf2 Ne4+ 32. Rxe4 Qxe4 33. h6 Qxd4+ 0-1

[Event "Sucre op"]
[Site "Sucre"]
[Date "2022.10.14"]
[Round "3"]
[White "Fernandez Guzman, Rene Rodrigo"]
[Black "Teran Medina, Marcelo"]
[Result "0-1"]
[WhiteElo "1311"]
[BlackElo "1549"]
[PlyCount "96"]
[EventDate "2022.10.13"]
[EventType "swiss"]
[EventRounds "7"]
[EventCountry "BOL"]
[SourceTitle "CBM 210 Extra"]
[Source "ChessBase"]
[SourceDate "2022.11.30"]
[SourceVersion "1"]
[SourceVersionDate "2022.11.30"]
[SourceQuality "1"]

1. d4 Nf6 2. f4 d5 3. Nf3 c5 4. c3 Nc6 5. e3 Qc7 6. Ne5 Bf5 7. Bb5 a6 8. Qa4 Rc8 9. Bxc6+ bxc6 10. Qxa6 cxd4 11. exd4 e6 12. b4 Bd6 13. 0-0 0-0 14. Nd2 Ne4 15. Rf3 f6 16. Nd3 Ra8 17. Nc5 Rxa6 18. Nxa6 Qb7 19. Nc5 Bxc5 20. dxc5 Nxd2 21. Bxd2 Be4 22. Rg3 Qb5 23. a4 Qe2 24. Be1 Qb2 25. Rd1 Qc2 26. Ra1 Ra8 27. a5 e5 28. fxe5 fxe5 29. a6 Qb2 30. Ra5 Qe2 31. Ra1 Rf8 32. h3 Rf1+ 33. Kh2 Rf8 34. a7 Ra8 35. Kg1 Bd3 36. Bf2 e4 37. Bd4 g6 38. Be5 e3 39. Rf3 Be4 40. Rg3 Qf2+ 41. Kh2 e2 42. Bd4 e1Q 43. Bxf2 Qxf2 44. Ra6 Qf4 45. Rxc6 Rxa7 46. b5 Ra2 47. Rc8+ Kg7 48. Rc7+ Qxc7 0-1

[Event "Sucre op"]
[Site "Sucre"]
[Date "2022.10.13"]
[Round "1"]
[White "Lopez A, Richard"]
[Black "Teran Medina, Marcelo"]
[Result "1-0"]
[WhiteElo "2050"]
[BlackElo "1549"]
[PlyCount "63"]
[EventDate "2022.10.13"]
[EventType "swiss"]
[EventRounds "7"]
[EventCountry "BOL"]
[SourceTitle "CBM 210 Extra"]
[Source "ChessBase"]
[SourceDate "2022.11.30"]
[SourceVersion "1"]
[SourceVersionDate "2022.11.30"]
[SourceQuality "1"]

1. e4 e5 2. Nf3 Nc6 3. d4 exd4 4. Nxd4 Bc5 5. Be3 Bb6 6. Bc4 d6 7. 0-0 Nf6 8. a4 0-0 9. Nxc6 bxc6 10. Bg5 a5 11. Nd2 h6 12. Bh4 Re8 13. Qf3 g5 14. Bg3 d5 15. exd5 cxd5 16. Bb5 Re6 17. Rfe1 Qe7 18. Rxe6 Qxe6 19. Qc3 c5 20. Nf3 Bb7 21. Re1 Ne4 22. Qe5 Qg6 23. Qe7 Ra7 24. Bb8 c4 25. Bxa7 Bxa7 26. Qxb7 Bxf2+ 27. Kf1 Bxe1 28. Kxe1 Qd6 29. Bxc4 dxc4 30. Qxe4 Qb4+ 31. Nd2 Qxa4 32. Nxc4 1-0

[Event "Sucre op"]
[Site "Sucre"]
[Date "2022.10.13"]
[Round "2"]
[White "Teran Medina, Marcelo"]
[Black "Yucra Valdes, Diego Alonso"]
[Result "0-1"]
[WhiteElo "1549"]
[BlackElo "1202"]
[PlyCount "112"]
[EventDate "2022.10.13"]
[EventType "swiss"]
[EventRounds "7"]
[EventCountry "BOL"]
[SourceTitle "CBM 210 Extra"]
[Source "ChessBase"]
[SourceDate "2022.11.30"]
[SourceVersion "1"]
[SourceVersionDate "2022.11.30"]
[SourceQuality "1"]

1. e4 e6 2. d4 d5 3. exd5 exd5 4. Bf4 Nf6 5. Bd3 Be7 6. Nf3 Bg4 7. 0-0 0-0 8. Re1 Nbd7 9. Nbd2 Re8 10. Nf1 Nh5 11. Bd2 Nhf6 12. Ng3 Bd6 13. Nf5 Bxf5 14. Bxf5 Ne4 15. Bxe4 dxe4 16. Ng5 Nf6 17. c4 h6 18. Nh3 c6 19. Bf4 Qd7 20. Bxd6 Qxd6 21. Qd2 Rad8 22. Rad1 c5 23. d5 Ng4 24. Qf4 Qxf4 25. Nxf4 Nf6 26. Re3 g5 27. Ne2 Re5 28. Nc3 Rde8 29. Rde1 a6 30. f3 exf3 31. Rxe5 f2+ 32. Kf1 fxe1Q+ 33. Rxe1 Rd8 34. Re7 Nd7 35. Kf2 Kf8 36. Re3 Nf6 37. Kf3 Ne8 38. Ne4 Nd6 39. Nxd6 Rxd6 40. Ke4 Rf6 41. Ke5 Ke7 42. Rb3 b6 43. Ra3 Rf4 44. d6+ Kd7 45. Kd5 f6 46. Rd3 Rf5+ 47. Ke4 Re5+ 48. Kf3 h5 49. h4 gxh4 50. Kf4 Re2 51. Kf5 Rf2+ 52. Kg6 Rxg2+ 53. Kxf6 Rxb2 54. Ke5 Re2+ 55. Kd5 Re6 56. Rh3 Rxd6+ 0-1

[Event "Santa Cruz Dario Cup"]
[Site "Santa Cruz"]
[Date "2022.08.26"]
[Round "2"]
[White "Teran Medina, Marcelo"]
[Black "Ticona Rocabado, Licael Roderick"]
[Result "0-1"]
[WhiteElo "1550"]
[BlackElo "2190"]
[PlyCount "100"]
[EventDate "2022.08.26"]
[EventType "swiss"]
[EventRounds "7"]
[EventCountry "BOL"]
[SourceTitle "CBM 210 Extra"]
[Source "ChessBase"]
[SourceDate "2022.11.30"]
[SourceVersion "1"]
[SourceVersionDate "2022.11.30"]
[SourceQuality "1"]

1. e4 e6 2. d3 d5 3. Qe2 dxe4 4. dxe4 c5 5. Nf3 Nc6 6. g3 e5 7. c3 Nf6 8. Bg5 Be7 9. Bxf6 Bxf6 10. Na3 Be6 11. Bg2 0-0 12. 0-0 Qc7 13. Nb5 Qe7 14. a4 Na5 15. Na3 a6 16. Nc2 Bc4 17. Qe1 Rad8 18. Ne3 Bxf1 19. Bxf1 Qe6 20. b4 cxb4 21. cxb4 Nc6 22. Bc4 Qd6 23. Nd5 Ne7 24. Rd1 Nxd5 25. Bxd5 Qe7 26. b5 Qa3 27. Qe2 Qxa4 28. Rb1 Rb8 29. Qb2 Qxb5 30. Qxb5 axb5 31. Rxb5 b6 32. Nd2 Bd8 33. Nc4 Bc7 34. Ne3 Rfd8 35. Nf5 Kf8 36. Bb3 Rd2 37. Ne3 Rd4 38. Nd5 Bd6 39. Rxb6 Rxb6 40. Nxb6 Rxe4 41. Nd5 Bc5 42. Kf1 Rd4 43. Ke2 Bb4 44. Nxb4 Rxb4 45. Bd5 f5 46. h4 Ke7 47. Kf3 Kf6 48. Bg8 h6 49. h5 Rg4 50. Kg2 Rg5 0-1

[Event "Pan American-ch U20"]
[Site "Cochabamba"]
[Date "2019.08.03"]
[Round "4"]
[White "Tapia Espada, Antonio Enrique"]
[Black "Teran Medina, Marcelo"]
[Result "1-0"]
[WhiteElo "1506"]
[BlackElo "1506"]
[PlyCount "48"]
[EventDate "2019.08.01"]
[EventType "swiss"]
[EventRounds "9"]
[EventCountry "BOL"]
[SourceTitle "EXT 2020"]
[Source "ChessBase"]
[SourceDate "2019.10.17"]
[SourceVersion "1"]
[SourceVersionDate "2019.10.17"]
[SourceQuality "1"]

1. d4 Nf6 2. c4 c5 3. d5 b5 4. cxb5 a6 5. e3 g6 6. Nc3 Bg7 7. Nf3 d6 8. Bd2 0-0 9. Qc2 axb5 10. Bxb5 Ba6 11. Bxa6 Nxa6 12. e4 Qb6 13. 0-0 Rfb8 14. Na4 Qb5 15. b3 Nb4 16. Bxb4 Qxb4 17. Nd2 Nd7 18. Rab1 Ra6 19. Nc4 Rba8 20. f4 Rxa4 21. bxa4 Qxa4 22. Rfc1 Bd4+ 23. Kh1 Qxc2 24. Rxc2 Nf6 1-0